000 00639nam a2200241 i 4500
001 bg
100 1 _aHARMON, Paul
245 0 _aExpert systems /
_cPaul Harmon and David King.
260 _aNew York :
_bJohn Wiley,
_c1985.
490 1 _aArtificial Intelligence in Business
650 9 _aSystemy ekspertowe
650 9 _aInteligencja sztuczna
650 9 _aPrzetwarzanie danych
700 1 _aKING, David
830 _aArtificial Intelligence in Business
020 _a0471808245
040 _cBPK
041 _apol
080 _a004
920 _a0-471-80824-5
942 _cKS
008 s pl f |000 0 pol
999 _c23429
_d23429
856 _uhttp://koha.tu.koszalin.pl/cgi-bin/koha/opac-detail.pl?biblionumber=23429
_yKatalog online BPK